Standardisierung betrieblicher Informationssysteme
Gespeichert in:
| 1. Verfasser: | |
|---|---|
| Format: | Buch |
| Sprache: | Deutsch |
| Veröffentlicht: |
Wiesbaden
Deutscher Universitäts Verlag
1996
|
| Schriftenreihe: | Gabler Edition Wissenschaft
|
| Schlagworte: | |
| Tags: |
Keine Tags, Fügen Sie das erste Tag hinzu!
|
MARC
| LEADER | 00000nam a2200000 4500 | ||
|---|---|---|---|
| 001 | c017713 | ||
| 005 | 20230117075848.3 | ||
| 020 | |a 3-8244-6211-7 | ||
| 041 | 0 | |a ger | |
| 044 | |a DE | ||
| 245 | 1 | 0 | |a Standardisierung betrieblicher Informationssysteme |c Peter Buxmann |
| 264 | 1 | |a Wiesbaden |b Deutscher Universitäts Verlag |c 1996 | |
| 300 | |a 198 s. | ||
| 490 | 1 | |a Gabler Edition Wissenschaft | |
| 830 | 0 | |a Gabler Edition Wissenschaft | |
| 610 | 2 | 0 | |a systémy informačné podnikové |
| 610 | 2 | 0 | |a štandardizácia |
| 610 | 2 | 0 | |a výskum |
| 610 | 2 | 0 | |a modelovanie |
| 610 | 2 | 0 | |a modely |
| 610 | 2 | 0 | |a rozhodovanie |
| 610 | 2 | 0 | |a investície |
| 610 | 2 | 0 | |a koncepcie |
| 610 | 2 | 0 | |a riziko |
| 100 | 1 | |a Buxmann, Peter | |